LEADER 00931nam0 2200301 450 001 000019034 005 20081107175915.0 010 $a88-85986-09-9 100 $a20081107d1995----km-y0itay50------ba 101 0 $aita 102 $aIT 105 $ay-------001yy 200 1 $a<>guida ai viaggi in cargo$fHugo Verlomme 205 $a2. ed. 210 $aRoma$cIncontri nautici$d1995 215 $a252 p.$cill.$d22 cm 225 2 $a<>guide 300 $aTrad. di Galileo Ferraresi 410 0$12001$a<>guide 500 10$aNouveau guide des voyages en cargo.$m$932725 610 1 $aViaggi per mare$aGuide 676 $a910.202$v21$9Guide di viaggio intorno al mondo 700 1$aVerlomme,$bHugo$0632304 801 0$aIT$bUNIPARTHENOPE$c20081107$gRICA$2UNIMARC 912 $a000019034 951 $aS 017/1$bS 608$cDSA$d2008 996 $aNouveau guide des voyages en cargo$932725 997 $aUNIPARTHENOPE LEADER 00948nam0-2200277 --450 001 9910419857703321 005 20201014130706.0 010 $a978-88-8057-815-4 100 $a20201014d2019----km y0itay50 ba 101 0 $aita 102 $aIT 105 $aa 001yy 200 1 $aStoria dell'Associazione Italiana per lo studio del giudaismo e di Italia Judaica$econ un indice generale di tutte le annate di "Materia giudaica", 1996-2018$fMauro Perani 210 $aFirenze$cGiuntina$d2019 215 $a351 p.$cill.$d28 cm 225 1 $aQuaderni di materia giudaica$v6 610 0 $aEbraismo$aPeriodici 676 $a296.05$v20$zita 700 1$aPerani,$bMauro$0532431 801 0$aIT$bUNINA$gREICAT$2UNIMARC 901 $aBK 912 $a9910419857703321 952 $aXIV M 109$b397/2020$fFSPBC 959 $aFSPBC 996 $aStoria dell'Associazione Italiana per lo studio del giudaismo e di Italia Judaica$91758700 997 $aUNINA